000 00643nam a2200241Ia 4500
003 OSt
005 20220918105935.0
006 a|||||r|||| 00| 0
007 ta
008 220915b |||||||| |||| 00| 0 eng d
024 _a115765
037 _cReference Collections
040 _aARTS
_cARTS
_beng
041 _2eng
_aeng
082 _aV45a, M7(RR)
100 _aGhani C
_94841
245 0 _aIran and the west
_b critical bibliography
260 _aLondon
_bKegan Paul
_c1987
300 _aviii, 967p.
650 _aHISTORY
942 _hV45a, M7(RR)
_cREF
999 _c110306
_d110306